Modern countries to Roman provinces - Statistics

General Stats
  • This quiz has been taken 39 times
  • The average score is 16 of 37
Answer Stats
Hint Answer % Correct
UK Britannia
70%
Belgium Belgica (in Gallia)
64%
Romania Dacia
61%
Italy Italia
61%
Greece (North) Macedonia
61%
Iraq (Central) Mesopotamia
61%
Germany Germania (only Westernmost part)
55%
Israel Judea
55%
Portugal Lusitania
55%
Syria and Lebanon Syria
55%
Spain Tarraconensis (in Hispania)
55%
Tunisia and Libya (West) Africa
52%
France (West) Aquitania (in Gallia)
52%
France (South) Narbonensis (in Gallia)
52%
Egypt Aegyptus
48%
Turkey (East) and Armenia Armenia
48%
France (North) Lugdunensis (in Gallia)
48%
Croatia Dalmatia
45%
Ireland Hibernia (not a province)
45%
Jordan to Sinai Arabia Petraea
42%
Turkey (West) Asia
42%
Greece (West) Epirus
39%
Algeria Mauretania Caesariensis
39%
Morocco Mauretania Tingitana
39%
Greece (South) Achaia
36%
Hungary Pannonia
36%
Bulgaria Thracia
36%
Iraq (East) Assyria
33%
Turkey (Central) Cappadocia
33%
Libya (East) Cyrenaica
33%
Austria Noricum
30%
Scotland Caledonia (not a province)
27%
Turkey (South) Cilicia
24%
Serbia Moesia
24%
Switzerland Raetia
24%
Turkey (North) Bithynia-Pontus
12%
Ukraine Sarmatia (not a province)
12%
No matching quizzes found
Score Distribution
Percent of People with Each Score
Percentile by Number Answered
Your Score History
You have not taken this quiz